• 首页
  • 本馆介绍
  • 公告通知
  • 最新文献
  • 馆藏检索
  • 电子资源
  • 读者导购
  • 参考咨询
  • 我的图书馆
  • 登录
  • 详细信息显示
  • 放入我的书架
  • 预约/预借图书
  • 作者相关作品
  • 分类相关作品
  • 丛书相关作品
  • 出版社相关作品

书目信息

  • 表格格式
  • 工作单格式
  • 卡片格式
题名:
神奇的鸟类
    
 
作者: 斯维特 著 ;梁丹 译
分册:  
出版信息: 重庆   重庆大学出版社  2017
页数: 248页
开本: 23cm
丛书名: 自然的历史系列
单 册:
中图分类: Q959.7-49
科图分类:
主题词: 鸟类--niao lei--普及读物
电子资源:
ISBN: 978-7-5689-0174-1
000 01319nam0 22002771 450
001 387904
005 20170502165607.0
010    @a978-7-5689-0174-1@b精装@dCNY88.00
100    @a20170328d2017 em y0chiy50 ea
101 1  @achi@ceng
102    @aCN@b500000
105    @aa z 001yy
106    @ar
200 1  @a神奇的鸟类@9shen qi de niao lei@dExtraordinary birds@e来自美国自然历史博物馆图书馆的珍本典藏@erare book selections from the American Museum of Natural History Library@f(美)保罗·斯维特著@g梁丹译@zeng
210    @a重庆@c重庆大学出版社@d2017
215    @a248页@c彩图@d23cm
225 2  @a自然的历史系列@9zi ran de li shi xi lie
330    @a本书编者甄选了美国自然历史博物馆珍藏的40本与鸟类有关的珍本图书。这些带有迷人插图的图书在鸟类学这门学科的发展中扮演着不可或缺的角色。作者将带领您穿越时间,检视那些作为开拓者的自然学家们、插图画家们,还有那些定义了鸟类学的探险家们留下的作品,让您一窥鸟类——这天地间精灵的神奇。
461  0 @12001 @a自然的历史系列
510 1  @aExtraordinary birds@erare book selections from the American Museum of Natural History Library@zeng
606 0  @a鸟类@9niao lei@j普及读物
690    @aQ959.7-49@v5
701  0 @c(美)@a斯维特@9si wei te@c(Sweet, Paul)@4著
702  0 @a梁丹@9liang dan@4译
801  0 @aCN@b百万庄@c20170308
905    @b1004664-9@dQ959.7-49@e169@f6
    
    神奇的鸟类=Extraordinary birds:来自美国自然历史博物馆图书馆的珍本典藏:rare book selections from the American Museum of Natural History Library/(美)保罗·斯维特著/梁丹译.-重庆:重庆大学出版社,2017
    248页:彩图;23cm.-(自然的历史系列)
    
    
    ISBN 978-7-5689-0174-1(精装):CNY88.00
    本书编者甄选了美国自然历史博物馆珍藏的40本与鸟类有关的珍本图书。这些带有迷人插图的图书在鸟类学这门学科的发展中扮演着不可或缺的角色。作者将带领您穿越时间,检视那些作为开拓者的自然学家们、插图画家们,还有那些定义了鸟类学的探险家们留下的作品,让您一窥鸟类——这天地间精灵的神奇。
●
相关链接 在E读中查询图书 在五车中查询图书 在当当中查询图书 在豆瓣中查询图书


正题名:神奇的鸟类     索取号:Q959.7-49/169         预约/预借

序号 登录号 条形码 馆藏地/架位号 状态 备注
1 1004664   210046644   第二样本阅览室/ [索取号:Q959.7-49/169] 在馆    
2 1004665   210046653   教育系资料室/ [索取号:Q959.7-49/169] 在馆    
3 1004666   210046662   教育系资料室/ [索取号:Q959.7-49/169] 在馆    
4 1004667   210046671   教育系资料室/ [索取号:Q959.7-49/169] 在馆    
5 1004668   210046680   第三借阅区/ [索取号:Q959.7-49/169] 在馆    
6 1004669   210046699   第三借阅区/ [索取号:Q959.7-49/169] 在馆    
唐山师范学院图书馆 欢迎您!
大连网信软件有限公司© 版权所有